Sharing rice for peace and prosperity in the Greater Mekong subregion / (Record no. 11401)

000 -LEADER
fixed length control field 00525cam a2200181Ia 4500
020 ## - INTERNATIONAL STANDARD BOOK NUMBER
ISBN 192120608X
040 ## - CATALOGING SOURCE
Transcribing agency AGL
082 ## - DEWEY DECIMAL CLASSIFICATION NUMBER
Classification number 338 TEM 2006 A016 Or.
100 1# - MAIN ENTRY--AUTHOR NAME
Personal name Fredenburg, Peter.
245 10 - TITLE STATEMENT
Title Sharing rice for peace and prosperity in the Greater Mekong subregion /
260 ## - PUBLICATION, DISTRIBUTION, ETC. (IMPRINT)
Place of publication Hartwell, Vic. :
Name of publisher Temple House Pty Ltd.,
Year of publication 2006.
300 ## - PHYSICAL DESCRIPTION
Number of Pages vi, 243 p., [28] p. of plates :
Other physical details ill. (some col.), map, ports. ;
Dimensions 21 cm.
650 #0 - SUBJECT ADDED ENTRY--TOPICAL TERM
Topical Term Rice
650 #0 - SUBJECT ADDED ENTRY--TOPICAL TERM
Topical Term Rice
650 #0 - SUBJECT ADDED ENTRY--TOPICAL TERM
Topical Term Rice
700 1# - ADDED ENTRY--PERSONAL NAME
Personal name Hill, Bob.
942 ## - ADDED ENTRY ELEMENTS (KOHA)
Koha item type សៀវភៅភាសាអង់គ្លេស
952 ## - LOCATION AND ITEM INFORMATION (KOHA)
Withdrawn status [LOCAL, KOHA] 0
Holdings
Permanent Location Date acquired Koha item type Lost status Shelving location Barcode Current Location Full call number
Library Block A2017-08-02សៀវភៅភាសាអង់គ្លេស A016RUA058708Library Block A338 TEM 2006 A016 Or.
មជ្ឈមណ្ឌលឯការនៃសាកលវិទ្យាល័យភូមិន្ទកសិកម្មចំការដូង

Powered by Koha